Natural Symbols : Explorations in Cosmology /

Tallennettuna:
Bibliografiset tiedot
Päätekijä: Douglas, Mary (autor)
Aineistotyyppi: Kirja
Kieli:englanti
Julkaistu: Londres, Inglaterra : Routledge, 2003, c1996
Sarja:(Routledge Classics)
Aiheet:
Tagit: Lisää tagi
Ei tageja, Lisää ensimmäinen tagi!

MARC

LEADER 00000nam^a2200000^a^4500
001 000380740
005 20250521000000.0
009 20260310120619.747
020 |a 0-415-31454-2 
020 |a 978-0-415-31454-1 
037 |a Acervo ITESO - Biblioteca 
041 |a ING 
082 |a 306. 4  |b DOU 
100 |a Douglas, Mary  |e (autor) 
240 1 1 |a [Símbolos naturales: exploraciones en cosmología] 
245 1 0 |a Natural Symbols :  |b Explorations in Cosmology /  |c M. Douglas. 
246 2 |a Título en la cubierta: Natural Symbols 
264 4 |a Londres, Inglaterra :  |b Routledge,  |c 2003, c1996 
300 |a XXXIX, 194 p. 
336 |a texto  |b txt  |2 rdacontenido 
337 |a sin mediación  |b n  |2 rdamedio 
338 |a volumen  |b nc  |2 rdasoporte 
440 1 |a (Routledge Classics) 
649 |a XX 
650 |a Grupos Sociales 
650 |a Redes Sociales 
650 |a Simbolismo 
650 |a Cosmología 
650 |a Sociología de la Religión 
650 |a Antropología Cultural -  |x Tema Principal 
910 |a Fondo General 
920 |a Impresos - Libros 
930 |a Colección General 
905 |a 101 
901 |a 0500275317  |b IT1  |c ACC  |i C152059  |u 20250521 
901 |a 0500275320  |b IT1  |c ACC  |i C152060  |u 20250521 
902 |a https://opac.biblio.iteso.mx/vufind/Record/000380740